000 00718nam a2200241Ia 4500
003 OSt
005 20220925231817.0
006 a|||||r|||| 00| 0
007 ta
008 220923b |||||||| |||| 00| 0 eng d
037 _cGeneral Book
040 _aRTL
_cRTL
_beng
041 _2eng
_aeng
082 _aX:8F:(D6,9(B), M0
100 _aDavis James R
245 0 _aAccounting information systems
_b A book of readings
260 _aMassachusetts
_bAddison Wesley
_c1980
300 _a500p.
_ccm.
650 _aAccounts Management
_9232699
700 _a Cushing Barry E
_9130191
942 _hX:8F:(D6,9(B), M0
_cGB
_2CC
999 _c589500
_d589500